000 00729nam a2200277Ia 4500
003 OSt
005 20221005083454.0
006 a|||||r|||| 00| 0
007 ta
008 221004b |||||||| |||| 00| 0 eng d
024 _a68857
037 _cTextual
040 _aCRL
_cCRL
_beng
041 _2eng
_aeng
082 _aX:9, M5
100 _aSingh N. K. Ed.
245 0 _aPersonnel management
260 _aNew Delhi
_bVikas India
_c1985
300 _a454p.
_ccm.
490 _aAIMA Vikas management series, 1986
650 _a ECONOMICS
650 _aPERSONNEL MANAGEMENT
700 _a Suri G. K. Ed.
942 _hX:9, M5
_cTEXL
_2cc
999 _c991039
_d991039